Größte Gemeinden Österreichs mit "K" - Statistiken

Allgemein
  • Dieses Quiz wurde 81 mal gespielt
  • Das Durchschnittsergebnis liegt bei 8 aus 10
Antwortstatistiken
Einwohner Bezirk Gemeinde % Korrekt
100.817 Klagenfurt am Wörthersee, KT Klagenfurt am Wörthersee
100%
19.461 Kufstein, TI Kufstein
97%
24.876 Krems an der Donau, NÖ Krems an der Donau
91%
8.216 Kitzbühel, TI Kitzbühel
90%
27.368 Tulln, NÖ Klosterneuburg
90%
13.245 Korneuburg, NÖ Korneuburg
90%
22.753 Bruck-Mürzzuschlag, ST Kapfenberg
84%
12.623 Murtal, ST Knittelfeld
78%
9.855 Voitsberg, ST Köflach
60%
8.148 Bruck-Mürzzuschlag, ST Kindberg
52%
Keine übereinstimmenden Quizze gefunden
Verteilung der Resultate
Anzahl Personen mit jedem Resultat
Perzentil nach korrekt beantworteten Fragen
Ihre Resultats-Entwicklung
Sie haben dieses Quiz noch nicht gespielt